000 00575nam a2200205 a 4500
999 _c3132
_d3132
003 BD-JhCC
005 20171111111628.0
008 171111s1981 bg ||||| |||| 00| 0 ben d
020 _a9844101018
035 _a(BD-JhCC)
040 _aBD-JhCC
_dBD-JhCC
041 _aben
082 _a822.33
_bSHK 1981
100 _aশেক্সপীয়র, উইলিয়াম
245 _aওথেলো /
_cউইলিয়াম শেক্সপীয়র
300 _a138 p. :
_bill ;
_c21 cm.
650 _aBengali Drama
942 _2ddc
_cBK